000 00858nam a2200301 a 4500
003 AR-BaBNM
005 20251128203850.0
008 082120s2002 ||||||||||||||000 | spa||
040 _cAR-BaBNM
100 1 _aBaxter, Bernice
245 0 0 _aCómo tratar a los alumnos
250 _a2ª ed.
260 _aBuenos Aires
_bKapelusz
_c1959
300 _a120 p.
_btablas
490 0 _aBiblioteca de cultura pedagógica
500 _aContiene apéndice
504 _aContiene bibliografía al final de cada capítulo
650 4 _aROL DEL DOCENTE
650 4 _aRELACION ALUMNO-DOCENTE
650 4 _aCOMPORTAMIENTO DEL ALUMNO
650 4 _aASESORAMIENTO DEL DOCENTE
650 4 _aPSICOLOGIA DE LA EDUCACION
650 4 _aACTITUD DEL DOCENTE
650 4 _aEFICACIA DEL DOCENTE
650 4 _aFORMACION DE DOCENTES
942 _cBK
998 _csilvi
999 _c5243
_d5243